GENE YALNIZLIK (Record no. 727113)

MARC details
000 -LEADER
sabit uzunluktaki kontrol alanı 00243nam a2200097Ia 4500
001 - KONTROL NUMARASI
kontrol alanı 727113
005 - EN SON İŞLEMİN TARİH VE ZAMANI
kontrol alanı 20250826163442.0
008 - SABİT-UZUNLUKTA VERİ ÖĞELERİ--GENEL BİLGİ
sabit uzunluktaki kontrol alanı 250824s9999 xx 000 0 und d
245 #0 - ESER / YAZAR
ESER ADI GENE YALNIZLIK
Yazar Adı NURULLAH ATAÇ
260 ## - YAYIN, DAĞITIM, VB.
YAYIN EVİ YAPI KREDİ YAYINLARI

No items available.